000 00357nam a2200169Ia 4500
100 _aDevasia/P
650 _aPhilosophy
942 _cBK
366 _f25
654 _abetter life
245 _aTips for a Better life
260 _bBetter Yourself Books
_aBandra
_c2006
082 _a170/DEV
_bDEV
300 _a139
546 _aENGLISH
999 _c20316
_d20316